000 00333 a2200157 4500
001 71564
020 _a8585642254
040 _cAnchieta - Colégio São Paulo
100 _aRachlin, Ann
240 1 0 _aHandel
_lpor
245 1 0 _aHandel
300 _a[20p.]
362 0 _a1993
650 4 _aLiteratura infanto-juvenil
942 _cBK
999 _c71564
_d71564